| 000 | 01099nam a2200193Ia 4500 | ||
|---|---|---|---|
| 003 | GCL | ||
| 008 | 140319s9999 xx 000 0 ara d | ||
| 040 |
_aGCL / _cGCL |
||
| 082 | 0 | 4 |
_aط _b813.0876 _bو م |
| 100 | 1 | _aوالت ديزنى | |
| 245 | 1 | 0 |
_aملاعب العلم:البحر والبحاره- لعبة الارقام- الرجل الالي والعقل الالكتروني- روائع الدنيا-احب السيرك- العلماء الصغار- حيوانات كوكبنا الغريب- من انا؟-شبيه ام مختلف-الحيوانات وصغارها-روائع الطبيعة-ارقام الحيوانات القياسية-برا وبحرا وجوا--دورة الاشكال والالوان- البراكين-كنوز الارض -كواكب ونجوم / _cوالت ديزنى |
| 260 |
_aبيروت : _bالشركة الشرقية للمطبوعات ، _c1994 |
||
| 300 |
_aمتعدد ؛ _c30 سم |
||
| 490 |
_aملاعب الاطفال _v0 |
||
| 650 | 0 | 4 | _aالاطفال |
| 650 | 0 | 4 | _aقصص الاطفال |
| 650 | 0 | 4 | _aالقصص العالمية |
| 942 |
_2ddc _cBK |
||
| 999 |
_c49707 _d49707 |
||